Villes de Loir-et-Cher en images - Statistiques

Statistiques générales
  • Ce quiz a été pris 54 fois
    15 depuis la dernière actualisation
  • Le résultat moyen est 8 sur 18
Statistiques - réponses
Par images Hint Réponse % Correct
B Blois
100%
C Chambord
100%
R Romorantin-Lanthenay
87%
C Cheverny
80%
V Vendôme
67%
S Selles-sur-Cher
60%
M Montoire-sur-le-Loir
53%
S Salbris
47%
C Chaumont-sur-Loire
40%
M Mer
33%
V Vineuil
33%
L Lavardin
27%
T Trôo
27%
(L) C Le Controis-en-Sologne
20%
M Montrichard Val de Cher
20%
S Saint-Aignan
20%
L Lamotte-Beuvron
7%
L Lassay-sur-Croisne
7%
Aucun quiz correspondant
Distribution des résultats
% des personnes avec chaque résultat
Percentile par nombre de réponses
Votre historique - résultats
Vous n’avez pas pris ce quiz depuis la dernière actualisation